000 00863nas a2200301 4500
001 BR9501119
003 BR-BrBNA
005 20231205093903.0
007 ta
008 230509b bl.|||p| |||| 00| 00por d
040 _aBR-BrBNA
_bpor
_cBiblioteca Nacional de Agricultura
041 _a(Pt)
072 _aP35; P34
100 1 _aPaulino, V.T.
100 1 _aMalavolta, E.
100 1 _aCosta, N.L.
245 1 _aRespostas de neonotonia wightei a calagem e aplicacao de micronutrientes
650 _aSoja Perene
650 _aCobalto
650 _aCalagem
650 _aMolibdenio
650 _aNodulacao
650 _aFixacao de Nitrogenio
650 _aMateria Seca
773 0 _tRevista de Agricultura (Brazil)
_xISSN 0034-7655
_g(Dec 1994), v. 69(3) p. 309-331
_wBR9501119
909 _a202311
_bLúcia
_c55
_dLúcia Elande
942 _2AGRIS
_n0
_cANA
999 _c140924
_d140924